000 00697nam a2200289Ia 4500
005 20260324131030.0
008 008 260324s9999 xx 000 0 eng d
020 _a9780203086940
037 _aEBOOK
040 _aCRL
040 _beng
040 _cCRL
041 _2eng
041 _aeng
084 _qCRL
100 _aSayed Khatab
_91183966
245 4 _aThe Power of Sovereignty
245 4 _bThe Political and Ideological Philosophy of Sayyid Qutb
260 _bTaylor and Francis
260 _c2006
365 _a
365 _b240
856 _uhttp://www.taylorfrancis.com/books/9780203086940
942 _cEBOOK
999 _c1780766
_d1780766